Invázne rastliny sú ako časovaná bomba

Bibliographic Details
Main Author: Urbániková, Marína (Author)
Format: Article
Language:Slovak
ISSN:1335-440X
Subjects:

MARC

LEADER 00000nab a2200000 a 4500
001 vtls000881439
003 SK-MaSNL
005 20260304012943.0
008 180206c2004 xo 0 slo
015 |a SNBRB2004/08-22771 
035 |a CLN000232952 
040 |a SNKBUCL  |b slo  |c SNKBUCL  |e AACR2 
041 0 |a slo 
044 |a xo  |c SK 
080 |a 581.524.2(437.6)  |2 UDC-MRF-SK2 
100 1 |a Urbániková, Marína  |4 aut  |9 873084 
245 1 0 |a Invázne rastliny sú ako časovaná bomba  |c Marína Urbániková 
650 0 7 |a tlačové konferencie  |2 snkbucl  |9 71028 
650 0 7 |a invázne druhy rastlín  |2 snkbucl  |9 75118 
655 7 |a články z novín a časopisov  |2 snkbucl  |9 267496 
773 0 |x 1335-440X  |t Sme. Roľnícke noviny  |g Č. 175 (30.7.2004) 
773 0 |x 1335-440X  |t [Príl.] Roľnícke noviny  |g Č. 31 (30.7.2004), s. 9 
850 |a Slovenská národná knižnica v Martine 
852 |a SNK  |b KIS3GCP 
958 |a RBX 
999 |c 2573921  |d 2575851